[Event "Michigan Open"]
[Site "Lansing, MI"]
[Date "2002.09.02"]
[Round "6.1"]
[White "Florean, Andrei"]
[Black "Fischvogt, Eric"]
[Result "1/2-1/2"]
[WhiteElo "2430"]
[BlackElo "2258"]
[Annotator "Both Players"]
[PlyCount "98"]
[EventDate "2002.08.30"]

{Scotch: Potter} 1. e4 e5 2. Nf3 Nc6 3. d4 exd4 4. Nxd4 Bc5 5. Nb3 ({AF: It's
not the most popular move.} 5. Be3 {is usually played here.}) 5... Bb6 6. Bd3 (
{EF: Usual is} 6. a4 a6 7. Nc3 d6 8. Be2) 6... d6 7. Nc3 Nge7 ({AF: Both
players use natural developing moves. With} 7... Nge7 {Black retains the
possibility of playing ...f5 at a further point.}) 8. O-O O-O $14 9. Na4 $2 {
AF: The idea of this move is to get the bishop pair. But the move has some
drawbacks: it looses a tempo and permits the activation of the Ra8 on the
a-file.} Ne5 10. Nxb6 axb6 11. Be2 $2 ({EF:} 11. f4 Nxd3 12. cxd3 f5 {is at
least equal for Black.}) ({AF: White loses another tempo trying to keep his
bishop pair. Now, Black gains the initiative. The strategic plan of White was
wrong.} 11. f4 Nxd3 12. cxd3 $11 {would have been better.}) 11... f5 12. exf5
Nxf5 13. Nd4 $2 ({EF: I was expecting} 13. f4 Nc6 14. g4 Nfe7 15. Be3 Be6 {
with equal chances. Now, Black gets the initiative.}) ({AF: The Nb3 is out of
play and Nf5 is strongly posted, so from this point of view the exchange is
justified. But again, Black gains a tempo. Much stronger would be} 13. f4 Nc6 (
13... Ng6 {and}) (13... Nf7 {are without future.}) 14. Qd5+ $1 Kh8 15. Bd2 {
with a good position for White.}) 13... Nxd4 14. Qxd4 Qf6 15. Be3 ({AF:} 15. --
Nf3+ {was the threat.}) 15... Be6 16. c4 $2 ({AF: White creates another
weakness in his field. With} 16. f4 $1 Nc6 17. Qxf6 Rxf6 {White would have a
pleasant endgame.}) 16... c5 $1 {DIAGRAM} (16... c5 {EF: If} 17. Qxd6 (17. Qe4
b5 $1 18. cxb5 (18. b3 bxc4 19. bxc4 Ra4 20. Rfc1 b5 {looks strong for Black.})
18... d5 $1 19. Qc2 d4 20. Bd2 c4 {Black is winning.}) 17... Bxc4 18. Qxf6 Rxf6
19. Bg5 (19. Bxc4+ Nxc4 20. b3 Nxe3 21. fxe3) 19... Rg6 {Black is better.}) 17.
Qc3 d5 $1 {AF: Black has a very active play.} 18. cxd5 Bxd5 19. Qc2 ({AF:
Black has two threats:} 19. -- Qg6 {attacking g2 and}) (19. -- Rxa2 20. Rxa2
Bxa2 {because after} 21. b3 $4 Nf3+ {wins the queen.}) (19. Qc2 {impedes both
threats. It takes control over g6 square and after} Rxa2 (19... Bxa2 20. b3 $1)
20. Rxa2 Bxa2 21. b4 $1 (21. b3 Ra8 22. Ra1 Nf3+) 21... Be6 22. bxc5 {White
has good chances.}) 19... Rae8 $1 {AF: Black concentrates all his forces on
the king-side.} 20. Rad1 $2 ({AF: White has to drive away the Bd5 from its
strong position and should sieze the d-file at the same time to gain some
counter-chances. But the question is which rook should come on d1? It seems
that Rf1 should defend f2 but infact} 20. Rfd1 {was the correct move.}) 20...
Qc6 ({EF: I thought I was winning here, but missed White's next move. I should
play} 20... Bc6 {and if} 21. f4 Ng6 22. Bc1 Nh4 23. g3 Nf5 {looks better for
Black.}) (20... Qc6 {AF: Here I saw} 21. Rxd5 Qxd5 22. f4 {but I missed the
elementary} Nf7) (20... Qc6 {Now, if} 21. f4 {then} Bxg2 $1 22. fxe5 Bxf1 23.
Rxf1 Rxf1+ 24. Bxf1 Rxe5 {Black has rook and 2 pawns for the 2 bishops but the
exposed position of the White king offers Black better chances. Now, White
found a move which kept the equilibrium:}) 21. Bb5 $1 Qxb5 22. Rxd5 Ng4 {EF:
This forces an ending that looks rather drawn.} (22... Ng4 {AF: The only move
which holds the advantage. Here, I intended to play} 23. Rdd1 {but I observed
that after} Rxe3 $1 24. fxe3 Rxf1+ 25. Rxf1 Qxf1+ 26. Kxf1 Nxe3+ {Black wins.})
23. Rfd1 Rxe3 24. fxe3 Nxe3 25. Qd3 Qxd3 26. R5xd3 Nxd1 27. Rxd1 {AF: In this
position, Black has minimal winning chances. An old joke says that all the
rook endings are draw. Of course it is only a joke but it has a beam of truth
in it...} Ra8 {AF: An interesting way of complicating the game.} 28. a3 Ra5 29.
Rd8+ Kf7 30. Rd7+ Kf6 $4 ({AF: A blunder. After} 30... Kf8 31. Rxb7 Rb5 32. a4
$1 Rb4 (32... Rxb2 33. a5 $1) 33. Kf1 {the chances are equal.}) 31. Rd6+ Ke5
32. Rxb6 Ra7 {AF: Now, White seems to be winning. But remember: all the rook
endings are draw. In fact, Black has enough time to attack the White rook and
free his rook from its awful position.} 33. Kf2 Kd5 34. Ke3 c4 35. Rb5+ Kc6 36.
Rh5 h6 37. Kd4 b5 38. Rc5+ Kb6 39. Rd5 Rf7 40. Rd6+ Ka5 {AF: Black still wants
to win, but in fact his position is a little worse.} 41. Rg6 {AF: An excellent
position for the rook.} Rd7+ 42. Kc3 Re7 43. h3 h5 $6 {EF: This is dangerous.
The position is drawn, and I start playing with fire. My idea is to force the
rooks off with moves like ...h4, ...Re3+, ...Rg3, etc. AF: A pretty risky move.
} 44. h4 Re3+ 45. Kd2 Re4 46. g3 Ka4 (46... Ka4 {EF: If now} 47. Rxg7 Kb3 48.
Rg5 b4 49. Rb5 Kxb2 50. Rxb4+ Kxa3 51. Rb5 Rg4 {is drawn.}) (46... Ka4 {AF:
Still playing aggressive. If I play for a win with} 47. Rxg7 {will follow} Kb3
48. Rg5 b4 $1 49. axb4 Kxb2 {with a very dangerous situation.}) 47. Kc3 Re3+
48. Kc2 Re2+ 49. Kc3 Re3+ {AF: Tired after a poorly played game , I didn't
want to take any risks.} 1/2-1/2

[Event "Michigan Open"]
[Site "Lansing, MI"]
[Date "2002.09.02"]
[Round "7.1"]
[White "Fischvogt, Eric"]
[Black "Hahn, David"]
[Result "1-0"]
[WhiteElo "2258"]
[BlackElo "2145"]
[Annotator "Eric Fischvogt"]
[PlyCount "87"]
[EventDate "2002.08.30"]

{Pirc: Two Knights (Quiet) This game features a battle between the
Hyper-modern school of thought and the Classical school of thought. The
Hyper-modernist chooses to attack the center indirectly. Developing on the
flanks usually, then attacking the center after development has been achieved.
The classical school embraces the ideas of occupying the center early.
Developing with fortification of the center in mind, bringing the rooks to the
center, and push.} 1. d4 d6 2. e4 Nf6 3. Nc3 g6 4. Nf3 Bg7 5. Be2 O-O 6. h3 c5
7. d5 Na6 8. O-O Nc7 9. a4 a6 10. Re1 b6 11. Bf1 {This is all standard fare
for this line. Black will undermine the center with ...e6, while gaining space
on the queen-side with ...b5. White will try to build up in the center with
the hope of a king-side offensive at a later stage of the game.} Bb7 12. Bg5
Qd7 13. Qd3 Rab8 {Played after about 20 minutes of thought. It ensures ...b5
and offers the a-file to White. I had decided long ago that there was no
stopping Black's queen-side expansion. This is the difference between the Pirc
and the Benoni, White's c-pawn is not on c4 to hold up Black's plans. However,
this can give White the chance to occupy the c4 square with a piece.} 14. Qe3
b5 15. Bh6 {Exchanging the Black bishop is important to White's plans. It
loosens the dark squares around the king and stops the pressure it would exert
on White's queen-side.} b4 {This is probably a mistake. The c4 square becomes
White's and Black's pawns become fixed.} 16. Bxg7 Kxg7 17. Ne2 e6 18. dxe6 fxe6
({I was expecting} 18... Qxe6 {followed by ...Re8 and continued pressure on e4.
}) 19. Ng3 e5 {Black was worried about e5 by White. Black also has ...Ne6 with
the idea of ...Nd4 or ...Nf4 in mind.} 20. Rad1 Qe7 21. Bc4 Ne6 (21... Bc8 22.
c3 Be6 23. Bxe6 Nxe6 24. Qd3 {looks better for White.}) 22. Bxe6 Qxe6 23. Ng5 {
This is stupid! Black is getting short on time and White gets carried away
with the fantasy of attacking the Black king via the e6 square. Black can
cover e6 with ease.} (23. Rd2 {to double up on the d-file and c3 was the way
to go.}) 23... Qe7 24. Qd3 Rbd8 (24... Nd5 25. exd5 Qxg5 26. Ne4 Qe7 {is
perhaps only slightly better for White.}) 25. Qc4 Rde8 (25... Nd5 {is still
the ticket.}) 26. Nf3 Rd8 27. Rd2 Ne8 28. c3 {This is the positional straw
that broke the camel's back. The opening of another front stretches Black's
defenses.} bxc3 29. Qxc3 Nc7 30. Red1 Qf6 ({If} 30... Ne6 31. Rxd6 -- {and} 32.
Qxe5+) 31. Qb3 Bc8 32. Qb6 Ne8 33. Nxe5 {The reward for White's central file
pressure. The rest was played under time pressure, but the dye is cast.} Be6
34. Nc6 Rd7 35. e5 Qf4 36. exd6 Nf6 37. Qxc5 Ne4 38. Nxe4 Qxe4 39. Qe5+ Qxe5
40. Nxe5 Rdd8 41. d7 Bb3 42. Ra1 Be6 43. Ra3 Rf5 44. Re3 1-0

[Event "Michigan Open Reserve"]
[Site "Lansing, MI"]
[Date "2002.09.02"]
[Round "6.7"]
[White "Fick II, Douglas"]
[Black "Avery, Bill"]
[Result "0-1"]
[WhiteElo "1458"]
[BlackElo "1658"]
[PlyCount "72"]
[EventDate "2002.08.30"]

1. e4 e6 2. d4 d5 3. e5 c5 4. c3 Nc6 5. Nf3 Qb6 6. Be2 Nge7 7. Na3 Nf5 8. Nc2
Bd7 9. O-O Be7 10. Rb1 O-O 11. g4 Nh4 12. Nxh4 Bxh4 13. f4 f6 14. Be3 cxd4 15.
cxd4 Qd8 16. Bd3 fxe5 17. fxe5 Qe7 18. Qe2 Bg5 19. Rf2 Bxe3 20. Qxe3 Rxf2 21.
Qxf2 Rf8 22. Qg2 Qg5 23. Re1 Rf4 24. Re3 Nxd4 25. h3 Nc6 26. Qe2 a6 27. a3 Nd4
28. Nxd4 Rxd4 29. Qd2 Kh8 30. Qf2 Rf4 31. Rf3 Rxf3 32. Qxf3 Kg8 33. Qe2 Bc6 34.
Qc2 Qe3+ 35. Kh2 Qxe5+ 36. Kg1 Qg3+ 0-1

[Event "Michigan Open"]
[Site "Lansing, MI"]
[Date "2002.09.02"]
[Round "7.10"]
[White "Everett, Morgan"]
[Black "Jarosz, Stan"]
[Result "1/2-1/2"]
[WhiteElo "2077"]
[BlackElo "1965"]
[PlyCount "62"]
[EventDate "2002.08.30"]

1. e4 e6 2. d3 d5 3. Nd2 Nf6 4. Ngf3 c5 5. g3 Nc6 6. Bg2 Be7 7. O-O O-O 8. Re1
b5 9. e5 Nd7 10. c4 b4 11. Nf1 Bb7 12. h4 Re8 13. Bf4 Nf8 14. Qe2 Ng6 15. Bg5
Bxg5 16. hxg5 Qc7 17. N1h2 dxc4 18. dxc4 Rad8 19. Ng4 Nd4 20. Nxd4 Rxd4 21.
Bxb7 Qxb7 22. Rad1 Red8 23. Rxd4 Rxd4 24. Rd1 Qd7 25. Rxd4 Qxd4 26. Kg2 Ne7 27.
Qf3 Ng6 28. Qe2 Nf8 29. b3 Qd8 30. Qe3 Qc8 31. Qe4 Ng6 1/2-1/2

[Event "Michigan Open Booster"]
[Site "Lansing, MI"]
[Date "2002.09.02"]
[Round "7.6"]
[White "Droge-Germain, Kurtis"]
[Black "Brooks, Randall"]
[Result "0-1"]
[WhiteElo "1168"]
[BlackElo "1253"]
[PlyCount "70"]
[EventDate "2002.08.30"]

1. e4 c5 2. Nc3 d6 3. g3 Nc6 4. Bg2 e5 5. d3 f5 6. f4 Nf6 7. fxe5 dxe5 8. Bg5
Be7 9. Qe2 Nd4 10. Qd2 fxe4 11. Bxf6 e3 12. Qd1 Bxf6 13. Ne4 O-O 14. c3 Nf5 15.
Qb3+ Kh8 16. Nxf6 Qxf6 17. O-O-O Qh6 18. Kb1 Ne7 19. Re1 Rf2 20. Re2 Qa6 21.
Qc4 Qd6 22. Rxf2 exf2 23. Nf3 Be6 24. Qe4 Rd8 25. Nxe5 Bd5 26. Qe2 Rf8 27. Bxd5
Qxd5 28. Rf1 Qe6 29. Kc2 Nc6 30. Rxf2 Rxf2 31. Qxf2 Nxe5 32. Qe3 b6 33. d4 Qg6+
34. Kd1 Nc4 35. Qe2 Qb1# 0-1

[Event "Michigan Open Booster"]
[Site "Lansing, MI"]
[Date "2002.09.02"]
[Round "7.14"]
[White "Demkowicz, Dylan"]
[Black "Crist, Kevin"]
[Result "0-1"]
[WhiteElo "100"]
[BlackElo "1249"]
[PlyCount "84"]
[EventDate "2002.08.30"]

1. e4 e5 2. Nf3 d6 3. Bc4 Bg4 4. O-O Be7 5. h3 Bh5 6. Nc3 c6 7. d3 Nf6 8. g4
Bxg4 9. hxg4 Qd7 10. Nh2 h5 11. g5 Ng4 12. Nxg4 hxg4 13. Re1 Rh5 14. Kf1 Bxg5
15. Bxg5 Rxg5 16. Re3 Qe7 17. f3 Qf6 18. Kf2 Nd7 19. Qe2 g3+ 20. Kg2 O-O-O 21.
Rh1 Qf4 22. Rh7 Nf6 23. Rh3 Rh5 24. Rxg3 Rdh8 25. Rg4 Nxg4 26. fxg4 Rh2+ 27.
Kg1 Rxe2 28. Rxe2 Qxg4+ 29. Rg2 Qh4 30. Kf1 g5 31. Bxf7 Rf8 32. Rf2 Kc7 33. Ne2
g4 34. Ng1 g3 35. Nf3 Qh1+ 36. Ke2 gxf2 37. Kxf2 Rxf7 38. Ke2 Rxf3 39. Kd2 Rf2+
40. Kc3 a5 41. a3 Qd1 42. b4 Qxc2# 0-1

[Event "Michigan Open"]
[Site "Lansing, MI"]
[Date "2002.09.02"]
[Round "7.13"]
[White "Decker, Dale"]
[Black "Perkins, Michael"]
[Result "1/2-1/2"]
[WhiteElo "1832"]
[BlackElo "1584"]
[Annotator "Don Vandivier"]
[PlyCount "89"]
[EventDate "2002.08.30"]

{Philidor: Hanham} 1. e4 e5 2. Nf3 d6 3. d4 Nd7 4. Bc4 c6 5. dxe5 dxe5 6. O-O
Be7 7. Nc3 Ngf6 8. Be3 h6 9. a3 Qc7 10. h3 g5 11. Nh2 Nf8 12. b4 Ng6 13. Be2
Be6 14. Ng4 h5 15. Nxf6+ Bxf6 16. b5 Rd8 17. Qb1 Rd4 18. Qb2 Nf4 19. bxc6 bxc6
20. f3 Qd7 21. Bxf4 exf4 22. Nd5 Be5 23. c3 Rxd5 24. exd5 Qxd5 25. Rad1 Qc5+
26. Kh1 a5 27. Bd3 Ke7 28. Qb7+ Kf6 29. Be4 Qxa3 30. Bxc6 Qxc3 31. Bd5 a4 32.
Bxe6 fxe6 33. Rd7 Qc4 34. Re1 Rb8 35. Rf7+ Kg6 {(DIAGRAM!!)} 36. Rg7+ $2 (36.
Qe7 $1 Qd5 {only move...} 37. Rf5 $3 {If} exf5 (37... Kxf5 38. Qf7+ Bf6 39.
Qh7#) 38. Rxe5 Rb1+ 39. Kh2 {and Black must give up his queen to avoid mate.})
36... Bxg7 37. Qxb8 a3 38. Qe8+ Kf6 39. Qd8+ Kg6 40. Qe7 a2 41. Rxe6+ $2 (41.
Qe8+ {forces a draw...}) 41... Kh7 42. Re1 Qd4 $2 (42... Qc3 $1 43. Qe4+ Kh6
44. Qe6+ Bf6 {and Black queen's the a-pawn and wins.}) 43. Qxg5 a1=Q $6 (43...
Qe5 $3 44. Rxe5 a1=Q+ 45. Kh2 Qxe5 {and Black wins.}) 44. Qxh5+ Kg8 45. Qe8+ (
45. Qe8+ {Here the players agreed to a draw. However, Black maintains winning
chances after:} Bf8 46. Qe6+ Kh8 47. Rxa1 Qxa1+ 48. Kh2 Qg7 49. Qe8 Qf6 50. g3
Kg7 51. Qd7+ Kh6 52. gxf4 Bd6 53. Kg2 Bxf4) 1/2-1/2

[Event "Michigan Open"]
[Site "Lansing, MI"]
[Date "2002.09.02"]
[Round "6.2"]
[White "Davidovich, Manis"]
[Black "Hahn, David"]
[Result "0-1"]
[WhiteElo "2007"]
[BlackElo "2145"]
[PlyCount "66"]
[EventDate "2002.08.30"]

{Pirc: Austrian (Dragon)} 1. e4 d6 2. d4 Nf6 3. Nc3 g6 4. f4 Bg7 5. Nf3 c5 6.
e5 Nfd7 7. Ng5 cxd4 8. Bc4 O-O 9. Nxf7 Rxf7 10. Bxf7+ Kxf7 11. e6+ Kxe6 12. Ne4
Kf7 13. Ng5+ Kg8 14. h4 Nf6 15. h5 Bg4 16. Qd3 Qa5+ 17. Bd2 Qa6 18. Qb3+ d5 19.
Kf2 Qe2+ 20. Kg3 Qxd2 21. Qxb7 Qe3+ 22. Kh4 Qxf4 23. g3 Bc8+ 24. gxf4 Bxb7 25.
hxg6 hxg6 26. Rhg1 Bc8 27. Nf3 Bf5 28. Nxd4 Kf7 29. Nxf5 gxf5 30. Rg5 e6 31.
Rag1 Ng4 32. Kh5 Nd7 33. c3 Rh8# 0-1

[Event "Michigan Open"]
[Site "Lansing, MI"]
[Date "2002.09.02"]
[Round "6.5"]
[White "Czuhai, Kevin"]
[Black "Vandivier, Don"]
[Result "0-1"]
[WhiteElo "2207"]
[BlackElo "1963"]
[Annotator "Don Vandivier"]
[PlyCount "80"]
[EventDate "2002.08.30"]

{Sicilian: Moscow} 1. e4 c5 2. Nf3 d6 3. Bb5+ Nd7 4. O-O Ngf6 5. Re1 a6 6. Bf1
{All book moves... but now Black deviates from the passive continuations
suggested in the book of 6...e6, 6...g6 or 6...b6 and plays more aggressively.}
b5 $5 7. a4 {An attempt to refute Black's line.} b4 8. d4 cxd4 9. Qxd4 e5 $5 {
If one is going to play aggressively, he/she must play for rapid development.
Black sacs a pawn to activate his pieces.} 10. Qxb4 d5 11. Qb3 {(DIAGRAM) An
extremely complicated position.} Rb8 (11... dxe4 $2 12. Ng5 Qe7 13. Bc4 {and
Black is losing!}) 12. Qa2 Bc5 $3 13. exd5 Ng4 {All pretty simple... but does
anybody see that White must lose a piece now!?} 14. Be3 Bxe3 15. fxe3 e4 $1 {
The knight cannot move!} 16. Qc4 (16. Nd4 $4 Qh4) 16... f5 $1 17. d6 Nb6 18.
Qd4 exf3 19. gxf3 (19. Qxg7 $4 f2+ 20. Kh1 fxe1=Q 21. Qxh8+ Kd7 22. Qxh7+ Kxd6)
19... Nf6 20. Qe5+ Kf7 21. a5 Re8 $1 {It's important to get the rook out
before the knight moves.} 22. Qd4 Nbd5 23. c4 (23. c4 {Another complicated
position arises. If Black plays} Nb4 {then} 24. c5 $1 {will allow White to
maintain his two passed pawns and completely paralyze Black.}) 23... Nxe3 $1 {
Giving the piece back for the pawns with a huge lead in development.} 24. Rxe3
Rxe3 25. Qxe3 Qxd6 26. Nc3 Rxb2 27. Be2 f4 28. Qa7+ Rb7 29. Qf2 Qe5 30. Rc1 Rc7
{Black stops any counterplay by White before gobbling up his pawns.} 31. Bd3
Be6 32. Ne2 Qxa5 33. Nxf4 Qg5+ 34. Qg3 Qc5+ 35. Kg2 Bf5 36. Bxf5 Qxf5 37. Ne2
Rc5 38. Nd4 Qd3 39. Qd6 $4 Qd2+ 40. Kg3 Rg5+ 0-1

[Event "Michigan Open Booster"]
[Site "Lansing, MI"]
[Date "2002.09.02"]
[Round "7.9"]
[White "Culverson, Javin"]
[Black "Lawitzke, John"]
[Result "1-0"]
[WhiteElo "1127"]
[BlackElo "896"]
[PlyCount "73"]
[EventDate "2002.08.30"]

1. e4 e6 2. d4 d5 3. Nc3 Bb4 4. e5 c5 5. Be3 Nc6 6. Bb5 a6 7. Bxc6+ bxc6 8. f4
Ne7 9. dxc5 Bxc3+ 10. bxc3 O-O 11. Ne2 Nf5 12. Bd4 Rb8 13. O-O a5 14. g4 Ne7
15. Ng3 Ba6 16. Rf2 Rb7 17. f5 g5 18. Nh5 exf5 19. Nf6+ Kg7 20. gxf5 Ng8 21.
Qh5 Nxf6 22. Qxg5+ Kh8 23. Rg2 Rg8 24. Qxf6+ Qxf6 25. Rxg8+ Kxg8 26. exf6 Rb2
27. Re1 Kf8 28. Re7 Bb5 29. Ra7 Ke8 30. Ra8+ Kd7 31. Rf8 Rxc2 32. Rxf7+ Ke8 33.
Rxh7 Bd3 34. f7+ Kf8 35. Be5 Rc1+ 36. Kf2 Rf1+ 37. Kg3 1-0

[Event "Michigan Open Reserve"]
[Site "Lansing, MI"]
[Date "2002.09.02"]
[Round "7.29"]
[White "Crysler, Jerry"]
[Black "Hill, Michael"]
[Result "0-1"]
[WhiteElo "1467"]
[BlackElo "1386"]
[PlyCount "98"]
[EventDate "2002.08.30"]

1. g3 d5 2. Bg2 c6 3. f4 Nf6 4. Nh3 Bf5 5. d3 Nbd7 6. Nf2 e6 7. e4 dxe4 8. dxe4
Bg6 9. e5 Nd5 10. c3 Bc5 11. c4 Bxf2+ 12. Kxf2 Qb6+ 13. Ke1 Ne3 14. Bxe3 Qxe3+
15. Qe2 Qxe2+ 16. Kxe2 Nc5 17. Ke3 O-O-O 18. Nc3 Rd3+ 19. Ke2 Rhd8 20. Bf3 Rd2+
21. Ke1 Rxb2 22. Rd1 Rc2 23. Rxd8+ Kxd8 24. Ne2 Rxa2 25. Nc1 Nd3+ 26. Nxd3 Bxd3
27. c5 a5 28. h4 Ra1+ 29. Kd2 Rxh1 30. Bxh1 Bc4 31. Be4 h6 32. Kc3 Bd5 33. Bc2
Kc7 34. Ba4 b6 35. cxb6+ Kxb6 36. g4 Kc5 37. f5 f6 38. exf6 gxf6 39. Bc2 exf5
40. Bxf5 a4 41. Bc2 a3 42. Bd1 a2 43. Kb2 Kd4 44. Bc2 Ke3 45. Bf5 Kf4 46. Bd7
c5 47. Bf5 Be4 48. Be6 Bb1 49. g5 fxg5 0-1

[Event "Michigan Open Booster"]
[Site "Lansing, MI"]
[Date "2002.09.02"]
[Round "6.16"]
[White "Crist, Kevin"]
[Black "Cox, Daniel"]
[Result "1/2-1/2"]
[WhiteElo "1249"]
[BlackElo "912"]
[PlyCount "120"]
[EventDate "2002.08.30"]

1. e4 e5 2. Nf3 Nf6 3. Nxe5 d6 4. Nf3 Nxe4 5. Qe2 Qe7 6. d3 Nf6 7. Nd4 Be6 8.
Bg5 Qd7 9. Nc3 Be7 10. Bxf6 Bxf6 11. Qe4 O-O 12. O-O-O d5 13. Qe3 c5 14. Nf3 d4
15. Ne5 dxe3 16. Nxd7 Nxd7 17. Ne4 Bd8 18. b3 Nf6 19. Nxc5 Bc8 20. fxe3 b6 21.
Na4 b5 22. Nc3 b4 23. Na4 Nd5 24. e4 Nc3 25. Nxc3 bxc3 26. g3 a5 27. a4 Bg5+
28. Kb1 Bg4 29. Re1 Bd2 30. Bg2 Bxe1 31. Rxe1 Rad8 32. h3 Bc8 33. e5 Rfe8 34.
g4 Be6 35. g5 Bd5 36. Bf1 Re6 37. h4 Bc6 38. Bh3 Ree8 39. e6 Re7 40. exf7+ Kf8
41. Rg1 Re3 42. Bf5 Bd7 43. Bxh7 Kxf7 44. g6+ Ke7 45. Rf1 Rf8 46. Rf7+ Rxf7 47.
gxf7 Kxf7 48. h5 Rh3 49. Bg6+ Kf6 50. Ka2 Bf5 51. Ka3 Bxg6 52. hxg6 Kxg6 53. b4
axb4+ 54. Kxb4 Rh2 55. Kxc3 Kf6 56. a5 Rh8 57. Kb4 Rb8+ 58. Kc5 Ke7 59. c4 g5
60. a6 g4 1/2-1/2

[Event "Michigan Open Booster"]
[Site "Lansing, MI"]
[Date "2002.09.02"]
[Round "7.4"]
[White "Clark, Richard"]
[Black "Bultema, Bob"]
[Result "1/2-1/2"]
[WhiteElo "1311"]
[BlackElo "1213"]
[PlyCount "86"]
[EventDate "2002.08.30"]

1. Nf3 d5 2. d4 Nf6 3. Bg5 e6 4. Nbd2 Nc6 5. e3 Qd6 6. a3 Be7 7. Bf4 Qd7 8. Ne5
Nxe5 9. Bxe5 O-O 10. Be2 Ne8 11. O-O b6 12. c3 Bd8 13. f4 Qe7 14. Qc2 Qh4 15.
Nf3 Qh6 16. Bd3 Be7 17. Ng5 g6 18. Rf3 f6 19. Rh3 Qxh3 20. Nxh3 fxe5 21. fxe5
c6 22. e4 Nc7 23. b4 Rd8 24. Nf4 Kg7 25. Rf1 Bd7 26. Qf2 Rg8 27. Qg3 Kh8 28.
Rf3 Rg7 29. h4 Be8 30. Nh3 Bf7 31. Ng5 Bxg5 32. Qxg5 Rag8 33. Qe7 Be8 34. Qg5
a6 35. a4 Bf7 36. Qg3 b5 37. a5 h6 38. Qf2 Rf8 39. g3 h5 40. Kh2 Kg8 41. Qe3
Kh7 42. Qg5 Rfg8 43. Kh3 Kh8 1/2-1/2

[Event "Michigan Open Reserve"]
[Site "Lansing, MI"]
[Date "2002.09.02"]
[Round "7.7"]
[White "Choate, Eric"]
[Black "Schey, Danny"]
[Result "0-1"]
[WhiteElo "1521"]
[BlackElo "1674"]
[PlyCount "34"]
[EventDate "2002.08.30"]

1. e4 e5 2. Nf3 Nc6 3. Bc4 Nf6 4. d3 Bc5 5. Nc3 h6 6. O-O d6 7. h3 a6 8. a3 O-O
9. Qe2 Be6 10. Bxe6 fxe6 11. Be3 Ba7 12. Bxa7 Rxa7 13. Qd2 Nh5 14. Ne2 Qe8 15.
Qe3 Ra8 16. c3 Na5 17. Rad1 Nf4 0-1